000 00324 a2200133 4500
999 _c325352
_d325352
001 90279
003 NUST
082 _a891.4393 USH
100 _aUsha Kosar Sardar
_99800
245 _aAfsoos e Jaan 2
_hurdu
260 _aLahore
_bIlmoirfan Publications
_c2012
300 _a456p.
500 _aGeneral Books
942 _aCAE NUST
_cBK
_k891.4393 USH
_2ddc